| 000 | 00342nam a2200133Ia 4500 | ||
|---|---|---|---|
| 005 | 20260326235454.0 | ||
| 008 | 260326s9999||||xx |||||||||||||| ||und|| | ||
| 100 | _aNuttgens, Patrick | ||
| 245 | 4 |
_aThe Pocket Guide to Architecture / _cPatrick Nuttgens |
|
| 260 | _bSimon & Schuster | ||
| 300 | _a192 p. | ||
| 650 | _aARQUITECTURA | ||
| 942 | _cBK | ||
| 999 |
_c7875 _d7875 |
||